000
00327nam a22001457a 4500
020
_a
8170194482
082
_a
633.83 PAR/SP
100
_a
Parthasarathy V A
100
_a
Utapla Parthasarathy
100
_a
Kumar A
245
_a
Spices.Vol 2
260
_a
New Delhi
_b
Today & Tomorrow's
_c
2008
300
_a
371
942
_c
BK
999
_c
13826
_d
13826